<?xml version="1.0" encoding="UTF-8"?>
<marc:record xmlns:marc="http://www.loc.gov/MARC21/slim">
   <marc:leader>00000nam a2200000 a 4500</marc:leader>
   <marc:datafield ind1="1" ind2=" " tag="100">
      <marc:subfield code="a">Blade, Adam  ::</marc:subfield>
      <marc:subfield code="4">aut</marc:subfield>
      <marc:subfield code="e">Verfasser/-in</marc:subfield>
   </marc:datafield>
   <marc:datafield ind1=" " ind2=" " tag="653">
      <marc:subfield code="a">Ungeheuer</marc:subfield>
   </marc:datafield>
   <marc:datafield ind1=" " ind2=" " tag="653">
      <marc:subfield code="a">Fantasy</marc:subfield>
   </marc:datafield>
   <marc:datafield ind1=" " ind2=" " tag="653">
      <marc:subfield code="a">Freunde</marc:subfield>
   </marc:datafield>
   <marc:datafield ind1=" " ind2=" " tag="653">
      <marc:subfield code="a">Abenteuer</marc:subfield>
   </marc:datafield>
   <marc:datafield ind1="0" ind2="0" tag="245">
      <marc:subfield code="a">Toxodera, die Raubschrecke</marc:subfield>
   </marc:datafield>
   <marc:datafield ind1="0" ind2="0" tag="245">
      <marc:subfield code="b">Beast Quest 30;</marc:subfield>
   </marc:datafield>
   <marc:datafield ind1="0" ind2="0" tag="245">
      <marc:subfield code="c">Adam Blade. Aus dem Engl. von Sandra Margineanu</marc:subfield>
   </marc:datafield>
   <marc:datafield ind1=" " ind2="1" tag="264">
      <marc:subfield code="a">Bindlach</marc:subfield>
      <marc:subfield code="b">Loewe</marc:subfield>
      <marc:subfield code="c">2013</marc:subfield>
   </marc:datafield>
   <marc:datafield ind1="1" ind2=" " tag="490">
      <marc:subfield code="a">Beast Quest</marc:subfield>
      <marc:subfield code="v">30</marc:subfield>
   </marc:datafield>
   <marc:datafield ind1="1" ind2=" " tag="520">
      <marc:subfield code="a">Tom und Elenna steht nun der letzte Gegner ihrer Mission bevor. Der Schock der Erkenntnis, dass Freya seine Mutter ist, sitzt tief, hält die beiden aber nicht davon ab, weiterzumachen. Gegen Toxodera, die Raubschrecke, gilt es, diese erfolgreich zu beenden. Dabei müssen sie sich im Dschungel beweisen. Hilfsmittel ist dabei ein Fernrohr, womit Dinge gesehen werden können, die gut getarnt sind. Zunächst finden sie lila Eier, die sie direkt zum Biest führen. Es entwickelt sich ein harter und langer Kampf, bei dem es nicht nur gilt, sich gegen das Biest durchzusetzen, sondern auch gegen hunderte kleiner Insekten. Am Ende können Elenna und Tom aber auch den letzten Teil erfolgreich beenden. Der nächste Kampf steht den beiden allerdings schon wieder bevor: Tom fordert Velmal heraus, der seine Mutter Freya festhält. Damit startet die neue Mission, die ausreichend Stoff für weitere Bände bieten wird. - Weiterhin als Fortsetzung für abenteuerbegeisterte Jungs. Ab 8</marc:subfield>
   </marc:datafield>
   <marc:datafield ind1=" " ind2=" " tag="020">
      <marc:subfield code="a">9783785576441</marc:subfield>
      <marc:subfield code="9">9783785576441</marc:subfield>
   </marc:datafield>
   <marc:datafield ind1=" " ind2=" " tag="041">
      <marc:subfield code="a">ger</marc:subfield>
   </marc:datafield>
   <marc:datafield ind1=" " ind2=" " tag="300">
      <marc:subfield code="a">123 S.</marc:subfield>
   </marc:datafield>
</marc:record>
